000 00286nam a22001337a 4500
008 171013b xxu||||| |||| 00| 0 eng d
020 _a9780072319927
041 _aeng
080 _a316
100 _a51
101 _aSCO
245 _aPUBLIC PRIVATE
_cCHERLIN.A.J
942 _2udc
_cBK
999 _c33649
_d33649